Animated Show By Image - Statistics

General Stats
  • This quiz has been taken 68 times
  • The average score is 10 of 16
Answer Stats
Picture Answer % Correct
Peppa Pig
95%
SpongeBob SquarePants
95%
Adventure Time
91%
Family Guy
91%
The Simpsons
91%
Rick and Morty
86%
South Park
86%
Lilo & Stitch: The Series
77%
The Amazing World Of Gumball
72%
Beavis and Butt-Head
62%
Samurai Jack
60%
Over The Garden Wall
37%
LEGO Legends of Chima
26%
Oggy and the Cockroaches
20%
Bin Weevils
5%
Pat & Stan
2%
No matching quizzes found
Score Distribution
Percent of People with Each Score
Percentile by Number Answered
Your Score History
You have not taken this quiz